000 00392nam a2200169Ia 4500
003 0STCL
008 150530s9999 xx 000 0 und d
040 _aSTCL
_cSTCL
100 _aNiranjan; Makhanlal Chathurvedi
245 _aDhoomra Valaya
260 _bNational; Delhi
_c1981
_aDelhi
300 _a0
546 _aHindi
942 _2ddc
_cBK
999 _c62838
_d62838
005 20220125171215.0